[Event "EU-chT Seniors 07th"]
[Site "Dresden"]
[Date "2005.02.19"]
[Round "2"]
[White "Klundt, Klaus"]
[Black "Dominguez Rueda, Juan"]
[Result "1-0"]
[WhiteElo "2385"]
[BlackElo "2138"]
[EventDate "2005.02.18"]
[PlyCount "75"]

1.e4 e5 2.Nf3 Nc6 3.Bb5 a6 4.Ba4 d6 5.O-O b5 6.Bb3 Na5 7.d4 Nxb3 8.axb3 f6
9.Nc3 Bg4 10.Qd3 Ne7 11.dxe5 fxe5 12.Bg5 Qc8 13.Nd2 Nc6 14.Nd5 Nd4 15.f3 
Bd7 16.Be3 Nc6 17.f4 Qd8 18.Nf3 Be7 19.fxe5 dxe5 20.Rad1 Bg4 21.Qc3 Bd7 
22.Nxe5 b4 23.Nxc6 bxc3 24.Nxd8 Bxd8 25.bxc3 a5 26.Bd4 Rg8 27.Be5 c6 28.
Nc7+ Bxc7 29.Bxc7 a4 30.Ra1 Rc8 31.Bd6 c5 32.c4 Rc6 33.e5 axb3 34.cxb3 Be6
35.Ra5 Kd7 36.Ra7+ Kc8 37.Rfa1 Rb6 38.Rc7+ 1-0

[Event "EU-chT Seniors 07th"]
[Site "Dresden"]
[Date "2005.02.19"]
[Round "2"]
[White "Kristiansen, Erling"]
[Black "Zunker, Reinhard"]
[Result "1/2-1/2"]
[WhiteElo "2267"]
[BlackElo "2233"]
[EventDate "2005.02.18"]
[PlyCount "36"]

1.d4 d6 2.e4 Nf6 3.f3 e5 4.dxe5 dxe5 5.Qxd8+ Kxd8 6.Bc4 Ke8 7.Be3 Nbd7 8.
Nd2 Bc5 9.Bxc5 Nxc5 10.Ne2 Ke7 11.O-O-O c6 12.Nb3 Nxb3+ 13.Bxb3 a5 14.a3 
Be6 15.Bxe6 Kxe6 16.Nc3 b5 17.Rd2 Rhd8 18.Rhd1 Rd7 1/2-1/2

[Event "EU-chT Seniors 07th"]
[Site "Dresden"]
[Date "2005.02.19"]
[Round "2"]
[White "Lenk, Wolfgang"]
[Black "Alexandria, Nana"]
[Result "1-0"]
[WhiteElo "2193"]
[BlackElo "2336"]
[EventDate "2005.02.18"]
[PlyCount "73"]

1.e4 c5 2.Nf3 Nc6 3.d4 cxd4 4.Nxd4 Qc7 5.Nc3 Nf6 6.Be3 e6 7.g3 a6 8.Bg2 d6
9.O-O Bd7 10.f4 b5 11.f5 Nxd4 12.fxe6 Nxe6 13.e5 dxe5 14.Bxa8 Bc5 15.Bxc5 
Qxc5+ 16.Kh1 Bc6+ 17.Bxc6+ Qxc6+ 18.Qf3 e4 19.Qg2 b4 20.Nd1 Ng4 21.Re1 f5 
22.Ne3 Nxe3 23.Rxe3 O-O 24.Rd1 g5 25.c3 a5 26.cxb4 axb4 27.a3 bxa3 28.Rxa3
Kh8 29.Rda1 Nc7 30.Rc3 Qb7 31.Qd2 Nb5 32.Rc5 f4 33.Qd5 Qxd5 34.Rxd5 f3 35.
Rxb5 e3 36.Re5 e2 37.Re1 1-0

[Event "EU-chT Seniors 07th"]
[Site "Dresden"]
[Date "2005.02.19"]
[Round "2"]
[White "Lieb, Harald"]
[Black "Titz, Herbert"]
[Result "0-1"]
[WhiteElo "2276"]
[BlackElo "2089"]
[EventDate "2005.02.18"]
[PlyCount "56"]

1.Nf3 d5 2.g3 Nf6 3.Bg2 g6 4.d4 Bg7 5.c4 dxc4 6.Qa4+ c6 7.Qxc4 O-O 8.O-O 
Qa5 9.Nc3 Be6 10.Qd3 Na6 11.Bf4 Nb4 12.Qd2 Rfd8 13.a3 Nbd5 14.Nxd5 Qxd5 
15.Rfd1 Qb5 16.Rac1 Bb3 17.Re1 Ne4 18.Qd3 Nd6 19.Rc3 Bd5 20.Bxd6 Qxd3 21.
Rxd3 Rxd6 22.e4 Be6 23.h3 Rad8 24.Red1 Bc4 25.e5 R6d7 26.Re3 Bd5 27.Kf1 c5
28.Rde1 cxd4 0-1

[Event "EU-chT Seniors 07th"]
[Site "Dresden"]
[Date "2005.02.19"]
[Round "2"]
[White "Luetje, Juergen"]
[Black "Jaeger, Erich"]
[Result "0-1"]
[WhiteElo "2164"]
[BlackElo "2106"]
[EventDate "2005.02.18"]
[PlyCount "78"]

1.d4 Nf6 2.Nf3 g6 3.g3 Bg7 4.Bg2 O-O 5.O-O d6 6.c4 Nbd7 7.Nc3 c6 8.b3 e5 
9.e3 Re8 10.Bb2 e4 11.Nd2 d5 12.Rc1 Nf8 13.cxd5 cxd5 14.h3 Bd7 15.b4 Ne6 
16.Qb3 Nc7 17.a4 a6 18.Rc2 b5 19.a5 Be6 20.Rfc1 Rc8 21.Ba3 Qd7 22.Qb2 Bxh3
23.Nb3 Bxg2 24.Kxg2 Qf5 25.Nd2 Ne6 26.Nxd5 Rxc2 27.Nxf6+ Bxf6 28.Qxc2 Ng5 
29.Qc6 Re6 30.Qa8+ Kg7 31.Bb2 Qh3+ 32.Kg1 Qg4 33.Re1 Qf5 34.Re2 h5 35.Kg2 
h4 36.d5 Rd6 37.Bxf6+ Rxf6 38.gxh4 Qh3+ 39.Kg1 Nf3+ 0-1

[Event "EU-chT Seniors 07th"]
[Site "Dresden"]
[Date "2005.02.19"]
[Round "2"]
[White "MacDonald Ross, Michael"]
[Black "Dorawa, Bernhard"]
[Result "1-0"]
[WhiteElo "2195"]
[BlackElo "2066"]
[EventDate "2005.02.18"]
[PlyCount "79"]

1.d4 Nf6 2.Nf3 e6 3.e3 b6 4.Bd3 Bb7 5.O-O d5 6.b3 Bd6 7.Bb2 Nbd7 8.c4 O-O 
9.Nc3 a6 10.Qe2 c5 11.Rfd1 cxd4 12.exd4 Re8 13.Ne5 Qc7 14.f4 Bb4 15.Rac1 
Bxc3 16.Bxc3 Qd8 17.Bb2 Ne4 18.c5 Nxe5 19.fxe5 f5 20.exf6 Nxf6 21.c6 Bc8 
22.Ba3 Qc7 23.Qe5 Qxe5 24.dxe5 Ne4 25.Bxe4 dxe4 26.Kf2 a5 27.Ke3 Ba6 28.
Kxe4 Rac8 29.Ke3 Bb5 30.c7 a4 31.Rd6 axb3 32.axb3 Ra8 33.Rxb6 Bd7 34.Bd6 
Ra2 35.Rb8 Bc8 36.Rc4 h6 37.Ra4 Rxa4 38.bxa4 Kf7 39.Kd4 Ba6 40.Kc5 1-0

[Event "EU-chT Seniors 07th"]
[Site "Dresden"]
[Date "2005.02.19"]
[Round "2"]
[White "Morgner, Siegfried"]
[Black "Schroeter, Helmut"]
[Result "0-1"]
[WhiteElo "1964"]
[BlackElo "1969"]
[EventDate "2005.02.18"]
[PlyCount "26"]

1.Nf3 Nf6 2.d4 g6 3.c4 Bg7 4.Nc3 d6 5.Bf4 O-O 6.Rc1 Nbd7 7.e4 e5 8.dxe5 
Nh5 9.Bg5 Qe8 10.Nd5 Nxe5 11.Nxc7 Nxf3+ 12.gxf3 Qe5 13.Be3 Qa5+ 0-1

[Event "EU-chT Seniors 07th"]
[Site "Dresden"]
[Date "2005.02.19"]
[Round "2"]
[White "Mueckan, Friedbert"]
[Black "Zanger, Konrad"]
[Result "1-0"]
[WhiteElo "2051"]
[BlackElo "1603"]
[EventDate "2005.02.18"]
[PlyCount "125"]

1.e4 c6 2.d4 d5 3.e5 Bf5 4.Ne2 e6 5.Ng3 Ne7 6.Be2 Nd7 7.c3 h6 8.Na3 Bg6 9.
Nc2 c5 10.O-O Nc6 11.Bd3 Bxd3 12.Qxd3 Be7 13.Nh5 Bf8 14.Qg3 g6 15.Nf4 Qe7 
16.Bd2 O-O-O 17.b4 cxb4 18.cxb4 a6 19.a4 b5 20.Qd3 Ndb8 21.axb5 axb5 22.
Qxb5 Qb7 23.Qa4 Rd7 24.Nd3 Qb6 25.Be3 Ra7 26.Qb3 Be7 27.Rxa7 Qxa7 28.Ra1 
Qb6 29.Qa4 Bg5 30.f4 Be7 31.b5 Nd8 32.Nc5 Nb7 33.Nd3 g5 34.Ncb4 gxf4 35.
Rc1+ Kd7 36.Nc5+ Ke8 37.Nxb7 Qxb7 38.Bxf4 Kf8 39.Nc6 Bg5 40.Rf1 Kg7 41.Nb4
Rc8 42.Bxg5 hxg5 43.Na6 Nd7 44.Qb4 Nf8 45.Nc5 Qe7 46.Rf6 Ng6 47.Nxe6+ Kh8 
48.Qxe7 Nxe7 49.Nxg5 Rc1+ 50.Kf2 Rc2+ 51.Kg3 Rc3+ 52.Nf3 Kg7 53.h4 Rb3 54.
b6 Nc8 55.Kg4 Rb4 56.h5 Nxb6 57.h6+ Kg8 58.Kh5 Nc8 59.Ng5 Rb7 60.Ra6 Rb8 
61.h7+ Kh8 62.Kh6 Nd6 63.Rxd6 1-0

[Event "EU-chT Seniors 07th"]
[Site "Dresden"]
[Date "2005.02.19"]
[Round "2"]
[White "Mueller Using, Detlev"]
[Black "Meier, Wolfgang"]
[Result "0-1"]
[WhiteElo "2062"]
[BlackElo "2159"]
[EventDate "2005.02.18"]
[PlyCount "88"]

1.e4 c5 2.Nf3 d6 3.d4 cxd4 4.Nxd4 Nf6 5.Nc3 a6 6.Bg5 e6 7.f4 Qb6 8.Qd2 
Qxb2 9.Nb3 Qa3 10.Rd1 Nc6 11.Be2 Qb4 12.Bf3 Be7 13.O-O Qb6+ 14.Kh1 Qc7 15.
Nd4 Nxd4 16.Qxd4 e5 17.Qd3 Be6 18.Be2 Rc8 19.Bxf6 gxf6 20.Nd5 Qxc2 21.Qe3 
Rc5 22.Rc1 exf4 23.Nxf4 Qxa2 24.Ra1 Qb3 25.Qf2 Rg8 26.Rab1 Qc2 27.Nxe6 
fxe6 28.Rxb7 Rg6 29.Qe3 Kf8 30.h3 a5 31.Rfb1 Rc7 32.R7b2 Qc5 33.Qf4 Qe5 
34.Rb8+ Kg7 35.Qd2 Rg3 36.Bf3 Qg5 37.Qf2 Qe5 38.Ra8 Rg5 39.Rbb8 Qa1+ 40.
Kh2 Qe5+ 41.g3 Rc2 42.Rg8+ Kh6 43.Qxc2 Qxg3+ 44.Kh1 Qg1# 0-1

[Event "EU-chT Seniors 07th"]
[Site "Dresden"]
[Date "2005.02.19"]
[Round "2"]
[White "Opl, Klaus"]
[Black "Hermann, Armin"]
[Result "1-0"]
[WhiteElo "2324"]
[BlackElo "2151"]
[EventDate "2005.02.18"]
[PlyCount "103"]

1.e4 c6 2.d4 d5 3.exd5 cxd5 4.c4 Nf6 5.Nc3 g6 6.Qb3 Bg7 7.cxd5 O-O 8.Be2 
Nbd7 9.Bf3 Nb6 10.Nge2 Bg4 11.Bxg4 Nxg4 12.O-O Nf6 13.Nf4 g5 14.Nd3 h6 15.
h4 gxh4 16.Nf4 Qd7 17.Re1 Rfd8 18.Bd2 Nfxd5 19.Ncxd5 Nxd5 20.Nxd5 Qxd5 21.
Rxe7 Qxb3 22.axb3 Bxd4 23.Bxh6 Bxb2 24.Ra4 Rd4 25.Rxb7 a6 26.Bg5 Rxa4 27.
bxa4 Be5 28.Rb4 Rb8 29.Rxb8+ Bxb8 30.Bxh4 f5 31.Kf1 Kf7 32.Ke2 Ke6 33.Kd3 
Kd5 34.Bg5 Bd6 35.Be3 Be7 36.f3 Bf6 37.g4 fxg4 38.fxg4 Bd8 39.Bd2 Bf6 40.
Ke3 Bg5+ 41.Ke2 Bh4 42.Kf3 Be7 43.Kf4 Bf6 44.Kf5 Bd8 45.Bc3 a5 46.Bf6 Bb6 
47.g5 Be3 48.g6 Bh6 49.Bc3 Kc4 50.Bxa5 Kb3 51.Bd2 Bg7 52.a5 1-0

[Event "EU-chT Seniors 07th"]
[Site "Dresden"]
[Date "2005.02.19"]
[Round "2"]
[White "Petermann, Harald"]
[Black "Golcman, Evgeny"]
[Result "1/2-1/2"]
[WhiteElo "1998"]
[BlackElo "2336"]
[EventDate "2005.02.18"]
[PlyCount "81"]

1.e4 e5 2.Bc4 Nf6 3.d3 Be7 4.c3 O-O 5.Nf3 Nc6 6.O-O d6 7.Nbd2 Be6 8.Bxe6 
fxe6 9.Qb3 Qc8 10.Ng5 Nd8 11.f4 Nh5 12.Nh3 Nxf4 13.Nxf4 Rxf4 14.Nf3 Rf8 
15.Be3 Qd7 16.d4 exd4 17.cxd4 c6 18.Bg5 Nf7 19.Bxe7 Qxe7 20.h4 Kh8 21.Rac1
e5 22.d5 Rac8 23.g3 g6 24.Nd2 Kg7 25.Rf2 c5 26.Rcf1 Nh6 27.Rxf8 Rxf8 28.
Nf3 Nf7 29.g4 Qd7 30.Nh2 g5 31.Qf3 Qe7 32.h5 Nh6 33.Qxf8+ Qxf8 34.Rxf8 
Kxf8 35.Kf2 Ke7 36.Kg3 Ng8 37.Nf3 h6 38.Nd2 Nf6 39.Kf3 Kd7 40.Nc4 Kc7 41.
Ne3 1/2-1/2

[Event "EU-chT Seniors 07th"]
[Site "Dresden"]
[Date "2005.02.19"]
[Round "2"]
[White "Planas Ferret, Rossen"]
[Black "Malich, Burkhard"]
[Result "1/2-1/2"]
[WhiteElo "2233"]
[BlackElo "2367"]
[EventDate "2005.02.18"]
[PlyCount "50"]

1.d4 d5 2.Nf3 Nf6 3.c4 c6 4.cxd5 cxd5 5.Nc3 Nc6 6.Bf4 e6 7.e3 Bd6 8.Bg3 
O-O 9.Rc1 Qe7 10.Bd3 a6 11.O-O Bxg3 12.hxg3 Bd7 13.Na4 Nb4 14.Bb1 Rac8 15.
Rxc8 Rxc8 16.a3 Bxa4 17.Qxa4 Nc6 18.Rc1 Rc7 19.Rc3 g6 20.Bd3 Qd6 21.Qc2 
Ne8 22.b4 Nb8 23.Nd2 Rxc3 24.Qxc3 Qc7 25.Qxc7 Nxc7 1/2-1/2

[Event "EU-chT Seniors 07th"]
[Site "Dresden"]
[Date "2005.02.19"]
[Round "2"]
[White "Reuben, Stewart"]
[Black "Pemberton, Clive H"]
[Result "1-0"]
[WhiteElo "2147"]
[BlackElo "2025"]
[EventDate "2005.02.18"]
[PlyCount "55"]

1.c4 e6 2.b3 Nf6 3.Bb2 Be7 4.g3 O-O 5.Bg2 d5 6.Nf3 c5 7.O-O Nc6 8.cxd5 
exd5 9.d4 Bf5 10.dxc5 Bxc5 11.Nd4 Be4 12.Nxc6 bxc6 13.Nc3 Bxg2 14.Kxg2 Qe7
15.Qc2 Rfe8 16.Na4 Qe4+ 17.Qxe4 Nxe4 18.f3 Nd2 19.Nxc5 Nxf1 20.Kxf1 Rad8 
21.Bd4 Re7 22.Rc1 Rc8 23.Na6 f6 24.b4 Rb7 25.a4 Kf7 26.b5 Ke8 27.bxc6 Rf7 
28.c7 1-0

[Event "EU-chT Seniors 07th"]
[Site "Dresden"]
[Date "2005.02.19"]
[Round "2"]
[White "Rotelli, Pietro"]
[Black "Kverndal, Leif"]
[Result "1-0"]
[WhiteElo "2005"]
[BlackElo "1948"]
[EventDate "2005.02.18"]
[PlyCount "105"]

1.d4 Nf6 2.c4 e5 3.e3 exd4 4.exd4 d5 5.Nc3 Bb4 6.a3 Bxc3+ 7.bxc3 O-O 8.Bd3
dxc4 9.Bxc4 Nd5 10.Ne2 Be6 11.Bd3 c6 12.Qc2 h6 13.O-O Qh4 14.c4 Ne7 15.g3 
Qf6 16.Bb2 Bf5 17.Rad1 Bxd3 18.Rxd3 Qf5 19.Qc3 Qh7 20.Rfd1 Re8 21.Nf4 Nd7 
22.a4 b6 23.Ba3 Nf5 24.Ng2 Nf6 25.Ne3 Nxe3 26.Rxe3 Rxe3 27.Qxe3 Re8 28.Qd3
Qxd3 29.Rxd3 Re2 30.d5 cxd5 31.cxd5 Nd7 32.Bd6 f6 33.Kf1 Re4 34.Re3 Rxe3 
35.fxe3 Kf7 36.e4 g5 37.g4 a6 38.Ke2 b5 39.axb5 axb5 40.h3 Nb6 41.Kd3 Nc4 
42.Bb4 Ke8 43.Kd4 Ne5 44.Kc5 Kd7 45.Kxb5 Nf3 46.Bc3 Ng1 47.Bxf6 Nxh3 48.e5
Nf2 49.e6+ Kd6 50.Be5+ Ke7 51.Kc6 Nxg4 52.Bd4 h5 53.d6+ 1-0

[Event "EU-chT Seniors 07th"]
[Site "Dresden"]
[Date "2005.02.19"]
[Round "2"]
[White "Rudnik, Heinz"]
[Black "Gruzmann, Boris"]
[Result "0-1"]
[WhiteElo "2212"]
[BlackElo "2271"]
[EventDate "2005.02.18"]
[PlyCount "106"]

1.e4 c5 2.Nc3 a6 3.a4 Nc6 4.Bc4 Nf6 5.d3 e6 6.Bg5 h6 7.Bh4 Be7 8.Nf3 Nxe4 
9.Bxe7 Nxc3 10.Bxd8 Nxd1 11.Bb6 Nxb2 12.Bb3 d6 13.a5 e5 14.Kd2 Be6 15.Bxe6
fxe6 16.Rhb1 e4 17.Ne1 Rf8 18.Rxb2 Rxf2+ 19.Ke3 Rf1 20.dxe4 Kd7 21.Rab1 
Ne5 22.Nf3 Ng4+ 23.Kf4 Nxh2 24.Rxf1 Nxf1 25.e5 Rf8+ 26.Kg4 Ne3+ 27.Kg3 
Nf5+ 28.Kh2 Kc6 29.exd6 Nxd6 30.Rb1 Rf4 31.Re1 Re4 32.Rxe4 Nxe4 33.Kh3 Kd5
34.Kg4 e5 35.Kf5 Nd6+ 36.Kg6 e4 37.Ng1 Nc4 38.Bd8 Ne3 39.g3 Nxc2 40.Kxg7 
Nd4 41.Kxh6 e3 42.Kg6 c4 43.Be7 e2 44.Nxe2 Nxe2 45.g4 c3 46.g5 c2 47.Ba3 
Kc4 48.Kf6 Kb3 49.Bc1 Nxc1 50.g6 Nd3 51.g7 c1=Q 52.g8=Q+ Qc4 53.Qg3 Qf4+ 
0-1

[Event "EU-chT Seniors 07th"]
[Site "Dresden"]
[Date "2005.02.19"]
[Round "2"]
[White "Ruf, Karl"]
[Black "Kuehn, Peter2"]
[Result "0-1"]
[WhiteElo "1604"]
[BlackElo "2026"]
[EventDate "2005.02.18"]
[PlyCount "80"]

1.e4 c5 2.Nf3 e6 3.d4 cxd4 4.Nxd4 Nf6 5.Bd3 d6 6.O-O a6 7.Bg5 Nbd7 8.Nc3 
b5 9.a3 Bb7 10.Re1 Be7 11.Nf3 Qc7 12.Qd2 O-O 13.Rad1 Rfd8 14.h3 Rac8 15.
Qf4 e5 16.Qh4 Nf8 17.Nd5 Bxd5 18.exd5 Ng6 19.Qg3 Nh5 20.Qg4 Nf6 21.Bxf6 
Bxf6 22.Bf5 Rb8 23.h4 Nf4 24.h5 g6 25.Be4 Nxh5 26.g3 Bg7 27.Qh3 Nf6 28.Bd3
e4 29.Rxe4 Nxe4 30.Bxe4 Re8 31.Bd3 Qc8 32.Qh4 Qd8 33.Qh3 Qf6 34.Kg2 Qxb2 
35.Rh1 h6 36.g4 Qa2 37.g5 h5 38.c4 bxc4 39.Bxg6 fxg6 40.Nh4 Qc2 0-1

[Event "EU-chT Seniors 07th"]
[Site "Dresden"]
[Date "2005.02.19"]
[Round "2"]
[White "Schroeder, Christian"]
[Black "Hesse, Manfred"]
[Result "1/2-1/2"]
[WhiteElo "2079"]
[BlackElo "1892"]
[EventDate "2005.02.18"]
[PlyCount "101"]

1.c4 Nf6 2.Nc3 g6 3.d4 Bg7 4.e4 d6 5.f3 O-O 6.Bg5 h6 7.Be3 e5 8.d5 c5 9.g4
Ne8 10.Qd2 Kh7 11.h4 Na6 12.O-O-O Bd7 13.Nh3 Rh8 14.Bd3 Rb8 15.Rdf1 Nb4 
16.g5 Nxd3+ 17.Qxd3 h5 18.f4 Bxh3 19.Rxh3 exf4 20.Bxf4 Rf8 21.Rhf3 Qe7 22.
Bd2 a6 23.Nd1 b5 24.Bc3 b4 25.Bxg7 Kxg7 26.Rf6 Qe5 27.R6f4 a5 28.b3 Ra8 
29.Nb2 Ra7 30.Qc2 Kg8 31.Nd3 Qg7 32.Qb2 Re7 33.Qxg7+ Kxg7 34.Re1 f6 35.
Ref1 Ref7 36.Kd2 fxg5 37.Rxf7+ Rxf7 38.Rxf7+ Kxf7 39.hxg5 Ng7 40.Ke3 h4 
41.Kf3 Nh5 42.e5 Ke7 43.exd6+ Kxd6 44.Kg4 Ng3 45.Kxh4 Ne2 46.Kg4 Nc3 47.
Kf3 Nxa2 48.Ke2 Nc3+ 49.Ke3 a4 50.bxa4 Nxa4 51.Nf4 1/2-1/2

[Event "EU-chT Seniors 07th"]
[Site "Dresden"]
[Date "2005.02.19"]
[Round "2"]
[White "Schwertel, Johann"]
[Black "Schenk, Manfred"]
[Result "0-1"]
[WhiteElo "2051"]
[BlackElo "2177"]
[EventDate "2005.02.18"]
[PlyCount "98"]

1.d4 d5 2.Nf3 Nf6 3.Bf4 c6 4.c3 Bf5 5.e3 e6 6.Be2 Be7 7.Nbd2 Nbd7 8.Ne5 
Nxe5 9.Bxe5 O-O 10.O-O Nd7 11.Bg3 Bf6 12.f4 Be7 13.Qb3 Qb6 14.Rfe1 Rfe8 
15.Bf2 Nf6 16.h3 Ne4 17.Nxe4 Bxe4 18.Qxb6 axb6 19.a3 b5 20.Rad1 f5 21.g4 
b6 22.g5 Bc2 23.Rd2 Bb3 24.h4 Rec8 25.Bd1 Bxd1 26.Rdxd1 c5 27.dxc5 bxc5 
28.Re2 Ra4 29.Kg2 Kf7 30.h5 Bd8 31.Kf3 Re4 32.Rg1 Ke8 33.g6 h6 34.Rd1 Rb8 
35.Be1 Be7 36.Rc2 Rb7 37.Rd3 Rc4 38.Re2 Kd7 39.Bd2 Ra4 40.Bc1 Kc7 41.b4 
Ra6 42.Rdd2 Bf6 43.Rc2 Rc6 44.Red2 Kb6 45.Ke2 Rbc7 46.Kd3 cxb4 47.axb4 
Rxc3+ 48.Rxc3 Rxc3+ 49.Ke2 Rxc1 0-1

[Event "EU-chT Seniors 07th"]
[Site "Dresden"]
[Date "2005.02.19"]
[Round "2"]
[White "Schwier, Manfred"]
[Black "Mann, Klaus Dieter"]
[Result "0-1"]
[WhiteElo "2142"]
[BlackElo "2077"]
[EventDate "2005.02.18"]
[PlyCount "115"]

1.e4 e5 2.Nf3 Nc6 3.Bc4 Be7 4.Nc3 Nf6 5.d3 d6 6.h3 Bd7 7.a3 O-O 8.O-O h6 
9.Be3 Re8 10.Ne2 Bf8 11.Ng3 Be6 12.Bxe6 Rxe6 13.c4 g6 14.Qd2 Kh7 15.Nh2 
Bg7 16.b4 Qd7 17.Rab1 b6 18.Ne2 Ng8 19.f4 exf4 20.Nxf4 Ree8 21.Nd5 Rf8 22.
Nf3 Ne5 23.Nh4 c6 24.Nc3 Qe7 25.g3 Qe6 26.Kg2 Ne7 27.Ne2 Qd7 28.Nf3 f5 29.
Nxe5 dxe5 30.Rbd1 Rad8 31.Qc2 Qe6 32.Nc3 Kg8 33.a4 Nc8 34.b5 c5 35.Nd5 Ne7
36.a5 Qd6 37.Qc1 Kh7 38.Qa3 Nxd5 39.exd5 f4 40.Bf2 h5 41.Rde1 g5 42.Qa2 
Qg6 43.Qc2 g4 44.hxg4 hxg4 45.Rh1+ Kg8 46.Re4 Rf5 47.Qd1 Bf6 48.Rh2 f3+ 
49.Kf1 Rh5 50.Rxh5 Qxh5 51.Ke1 Rd7 52.Kd2 Rh7 53.Kc3 Qf5 54.axb6 axb6 55.
Qa1 Rh2 56.Qa8+ Kh7 57.Qb7+ Kg6 58.Qb8 0-1

[Event "EU-chT Seniors 07th"]
[Site "Dresden"]
[Date "2005.02.19"]
[Round "2"]
[White "Shapiro, Yosip"]
[Black "Harzer, Paul"]
[Result "0-1"]
[WhiteElo "2123"]
[BlackElo "2123"]
[EventDate "2005.02.18"]
[PlyCount "106"]

1.d4 f5 2.g3 Nf6 3.Bg2 e6 4.Nf3 Be7 5.O-O O-O 6.c4 d6 7.Nc3 a5 8.b3 Qe8 9.
Nb5 Na6 10.Ba3 Bd7 11.Nc3 Nb4 12.Bb2 Qh5 13.a3 Nc6 14.d5 Nd8 15.dxe6 Nxe6 
16.Nd5 Nxd5 17.cxd5 Nc5 18.Nd2 Bf6 19.Bxf6 Rxf6 20.Nf3 f4 21.b4 Ne4 22.Qc2
Re8 23.Nh4 Ng5 24.Qxc7 Nh3+ 25.Kh1 Bg4 26.f3 Bc8 27.Rac1 fxg3 28.hxg3 g5 
29.Qxc8 Rxc8 30.Rxc8+ Kg7 31.Rc4 Nf4 32.Rc7+ Rf7 33.Rxf7+ Kxf7 34.gxf4 
Qxh4+ 35.Kg1 Qxf4 36.bxa5 Qd4+ 37.Kh2 Qxd5 38.f4 Qxa5 39.fxg5+ Kg6 40.Be4+
Kxg5 41.Rg1+ Kf4 42.Bf3 Qxa3 43.Bxb7 Qc5 44.Rf1+ Ke3 45.Bf3 Qg5 46.Kh3 d5 
47.Bg4 h5 48.Bf3 d4 49.Kh2 Qf4+ 50.Kh3 h4 51.Rg1 d3 52.exd3 Qxf3+ 53.Kxh4 
Qf2+ 0-1

[Event "EU-chT Seniors 07th"]
[Site "Dresden"]
[Date "2005.02.19"]
[Round "2"]
[White "Staller, Peter"]
[Black "Hoen, Ragnar Harald"]
[Result "1/2-1/2"]
[WhiteElo "2279"]
[BlackElo "2271"]
[EventDate "2005.02.18"]
[PlyCount "43"]

1.d4 Nf6 2.c4 e6 3.Nc3 d5 4.Bg5 Be7 5.Nf3 O-O 6.e3 c5 7.cxd5 exd5 8.dxc5 
Nc6 9.Be2 Be6 10.O-O Bxc5 11.Rc1 Be7 12.Nd4 Rc8 13.Qa4 a6 14.Nxc6 Rxc6 15.
Qd4 Qc8 16.Rcd1 Rd8 17.Rfe1 h6 18.Bh4 Qc7 19.Bg3 Qc8 20.Bh4 Qc7 21.Bg3 Qc8
22.Bh4 1/2-1/2

[Event "EU-chT Seniors 07th"]
[Site "Dresden"]
[Date "2005.02.19"]
[Round "2"]
[White "Stavenhagen, Johannes"]
[Black "Landgraf, Siegfried"]
[Result "1/2-1/2"]
[WhiteElo "1848"]
[BlackElo "2161"]
[EventDate "2005.02.18"]
[PlyCount "64"]

1.d4 g6 2.c4 Bg7 3.Nc3 c5 4.e3 Nf6 5.Nf3 O-O 6.Be2 cxd4 7.exd4 d5 8.O-O 
Nc6 9.c5 Ne4 10.Bf4 Bf5 11.Ne5 Nxc3 12.bxc3 Nxe5 13.Bxe5 f6 14.Bg3 Qd7 15.
Qb3 a6 16.Rad1 Rfd8 17.Rd2 Qc6 18.Rb2 Rd7 19.Rd1 Kh8 20.Qa3 Rad8 21.Rb6 
Qc8 22.c6 bxc6 23.Rb8 Qxb8 24.Bxb8 Rxb8 25.Qxa6 Rc7 26.Qa5 Rcb7 27.g4 Bc2 
28.Rc1 Be4 29.Rf1 Bh6 30.Qc5 Rb2 31.Ba6 Rxa2 32.Qxc6 Be3 1/2-1/2

[Event "EU-chT Seniors 07th"]
[Site "Dresden"]
[Date "2005.02.19"]
[Round "2"]
[White "Strand, Karl W"]
[Black "Colombo, Paolo"]
[Result "0-1"]
[WhiteElo "1838"]
[BlackElo "2161"]
[EventDate "2005.02.18"]
[PlyCount "120"]

1.e4 c6 2.d4 d6 3.h3 Qc7 4.Nf3 e5 5.c3 Be7 6.Bd3 Nf6 7.O-O Nbd7 8.Bg5 h6 
9.Bh4 Nf8 10.Bg3 Ng6 11.Nh4 Nxh4 12.Bxh4 g5 13.Bg3 h5 14.f3 Be6 15.Nd2 h4 
16.Bf2 Nh5 17.Bc4 Nf4 18.Bxe6 fxe6 19.Nc4 b5 20.Ne3 exd4 21.cxd4 d5 22.e5 
c5 23.Qc2 c4 24.Ng4 O-O-O 25.Be3 Rdf8 26.Nf2 Kb8 27.a3 Bd8 28.Rac1 Qf7 29.
Qd2 Bb6 30.Rfd1 Kb7 31.Rc2 Qf5 32.Bxf4 Qxf4 33.Qb4 Qf5 34.Re2 a6 35.a4 Rc8
36.axb5 a5 37.Qd2 Rhg8 38.Ng4 Qg6 39.Qc3 Rg7 40.Rf2 Qe8 41.f4 gxf4 42.Rxf4
Qxb5 43.Rf6 Re7 44.Rf4 a4 45.Ra1 Ra8 46.Ne3 Ba5 47.Qc2 Qb3 48.Qe2 c3 49.
bxc3 Bxc3 50.Ra2 a3 51.Nd1 Rc8 52.Rf3 Bxd4+ 53.Kh2 Bxe5+ 54.Qxe5 Qxa2 55.
Qd6 Rcc7 56.Qb4+ Kc8 57.Rxa3 Qc4 58.Qd6 Qc6 59.Qf4 Rf7 60.Qg5 Qd6+ 0-1

[Event "EU-chT Seniors 07th"]
[Site "Dresden"]
[Date "2005.02.19"]
[Round "2"]
[White "Tochtermann, Georg"]
[Black "Schenk, Dieter"]
[Result "0-1"]
[WhiteElo "2000"]
[BlackElo "2000"]
[EventDate "2005.02.18"]
[PlyCount "43"]

1.e4 Nf6 2.e5 Nd5 3.c4 Nb6 4.d4 d6 5.exd6 cxd6 6.d5 g6 7.Be3 Bg7 8.Bd4 
Bxd4 9.Qxd4 O-O 10.Bd3 e5 11.dxe6 Bxe6 12.b3 Qg5 13.Qe3 Qf6 14.Ne2 Qxa1 
15.Nc3 Nc6 16.h4 d5 17.h5 Bf5 18.Bxf5 Rfe8 19.Be4 Rxe4 20.Nxe4 Qxb1+ 21.
Ke2 Qxe4 22.hxg6 0-1

[Event "EU-chT Seniors 07th"]
[Site "Dresden"]
[Date "2005.02.19"]
[Round "2"]
[White "Turikov, Viktor"]
[Black "Degenhardt, Norbert"]
[Result "1-0"]
[WhiteElo "2351"]
[BlackElo "2134"]
[EventDate "2005.02.18"]
[PlyCount "74"]

1.e4 e5 2.Nf3 Nc6 3.Bb5 a6 4.Ba4 Nf6 5.Qe2 b5 6.Bb3 d6 7.c3 Be7 8.O-O O-O 
9.d4 Bg4 10.Rd1 Rb8 11.h3 Bxf3 12.Qxf3 Qc8 13.Be3 Na5 14.Bc2 c5 15.d5 Nc4 
16.Bc1 Ne8 17.b3 Nb6 18.Be3 Qd8 19.Qg3 g6 20.Bh6 Ng7 21.Nd2 Kh8 22.Nf3 Nh5
23.Qh2 Rg8 24.g4 Ng7 25.Kh1 Ne8 26.Be3 Rb7 27.h4 f6 28.Rg1 g5 29.Rg3 Nd7 
30.Rh3 Nf8 31.Nd2 Qc8 32.f3 Bd8 33.Nf1 Ng6 34.hxg5 fxg5 35.Ng3 Nf4 36.Rh6 
Rg6 37.Bxf4 Rxh6 1-0

[Event "EU-chT Seniors 07th"]
[Site "Dresden"]
[Date "2005.02.19"]
[Round "2"]
[White "Uhlmann, Wolfgang"]
[Black "Rodriguez Vargas, Orestes"]
[Result "0-1"]
[WhiteElo "2420"]
[BlackElo "2439"]
[EventDate "2005.02.18"]
[PlyCount "94"]

1.c4 c6 2.d4 d5 3.Nf3 Nf6 4.Nc3 e6 5.e3 Nbd7 6.b3 Bb4 7.Bd2 Qc7 8.Qc2 O-O 
9.Be2 b6 10.O-O Bb7 11.Ne5 c5 12.Nxd7 Qxd7 13.cxd5 cxd4 14.dxe6 fxe6 15.
exd4 Rac8 16.Qd3 Bxc3 17.Bxc3 Be4 18.Qg3 Bxg2 19.Kxg2 Ne4 20.Qe5 Nxc3 21.
Bc4 Nd5 22.Bxd5 exd5 23.Kh1 Rce8 24.Qg3 Re4 25.Rac1 Qf5 26.Rc7 Rg4 27.Qe3 
a5 28.Rg1 h5 29.h3 Rxg1+ 30.Kxg1 Rf6 31.Re7 Qb1+ 32.Qe1 Qxa2 33.Re6 Qxb3 
34.Rxf6 gxf6 35.Qe6+ Kg7 36.Kg2 Qb5 37.Qf5 a4 38.Qxh5 Qd7 39.Qf3 b5 40.h4 
b4 41.Qg3+ Kh7 42.Qd3+ f5 43.Qa6 b3 44.h5 b2 45.Qb6 a3 46.Kf3 Qg7 47.Ke2 
Qg4+ 0-1

[Event "EU-chT Seniors 07th"]
[Site "Dresden"]
[Date "2005.02.19"]
[Round "2"]
[White "Vager, Boris"]
[Black "Dorsch, Baptist"]
[Result "1-0"]
[WhiteElo "2248"]
[BlackElo "1691"]
[EventDate "2005.02.18"]
[PlyCount "121"]

1.f4 d5 2.Nf3 Nf6 3.e3 Bg4 4.Be2 e6 5.O-O Be7 6.b3 O-O 7.Bb2 Nbd7 8.h3 
Bxf3 9.Bxf3 c6 10.Qe1 Qc7 11.d4 c5 12.c3 cxd4 13.cxd4 Rac8 14.Na3 a6 15.
Qd2 b5 16.Rfc1 Qb7 17.Nc2 Rc7 18.Ne1 Rfc8 19.Nd3 b4 20.Rxc7 Rxc7 21.Rc1 a5
22.g4 h6 23.Nf2 Bd6 24.Kg2 Qc8 25.h4 Nb6 26.Bd1 Rxc1 27.Bxc1 Ne8 28.Bc2 g6
29.Qd3 f5 30.h5 Nf6 31.hxg6 Ne4 32.gxf5 exf5 33.Qe2 Kg7 34.Bb2 Kxg6 35.
Nxe4 dxe4 36.Bd1 Kh7 37.Qh5 Qg8+ 38.Kf2 Qg6 39.Qh4 Nd5 40.Bh5 Qf6 41.Qxf6 
Nxf6 42.Be2 Kg6 43.Bb5 Ng4+ 44.Ke2 Nf6 45.Bc6 Kh5 46.d5 Ng4 47.Be8+ Kh4 
48.Bg6 Bc5 49.Bxf5 Nxe3 50.Bxe4 Kg4 51.Be5 h5 52.d6 Nf5 53.d7 Bb6 54.Bf3+ 
Kh3 55.Bf6 h4 56.d8=Q Bxd8 57.Bxd8 Kg3 58.Bb7 h3 59.Bb6 Kxf4 60.Kf2 Nh4 
61.Bc7+ 1-0

[Event "EU-chT Seniors 07th"]
[Site "Dresden"]
[Date "2005.02.19"]
[Round "2"]
[White "Villing, Dieter"]
[Black "Eyer, Karl"]
[Result "1-0"]
[WhiteElo "2211"]
[BlackElo "1889"]
[EventDate "2005.02.18"]
[PlyCount "37"]

1.e4 e5 2.Bc4 Nf6 3.d4 exd4 4.Nf3 d5 5.exd5 Bb4+ 6.c3 Qe7+ 7.Kf1 dxc3 8.
Nxc3 Bg4 9.Bg5 h6 10.Bxf6 Qxf6 11.Qa4+ Nd7 12.Qxb4 O-O-O 13.Be2 Ne5 14.Ne4
Qf5 15.Rc1 Kb8 16.Ba6 b6 17.Qc3 Rd7 18.Nxe5 Be2+ 19.Bxe2 1-0